00322 a2200133 450000100060000002000180000604000260002410000170005024000430006724500380011030000070014836200090015565000240016448411 a9788516091729 cAnchieta - Bela Vista aVillela, Bia10aO que é que tem no seu caminho?lpor10aO que é que tem no seu caminho? a310 a2014 4aLiteratura infantil